Κατάλογος Βιβλιοθηκών Mediterranean College

ABC του Πρώτου Χρόνου Ζωής / Έκτη Έκδοση (Record no. 6325)

MARC details
000 -LEADER
fixed length control field 02251cam a22002294a 4500
005 - ΗΜΕΡΟΜΗΝΙΑ ΚΑΙ ΩΡΑ ΤΕΛΕΥΤΑΙΑΣ ΕΝΗΜΕΡΩΣΗΣ
Πεδίο ελέγχου 20250605164239.0
008 - FIXED-LENGTH DATA ELEMENTS--GENERAL INFORMATION
Πεδίο ελέγχου σταθερού μήκους 250528s ||||||||||||||||||||||||d
035 ## - SYSTEM CONTROL NUMBER
System control number 21258
020 ## - ISBN
ISBN 9789603946441
040 ## - ΠΗΓΗ ΚΑΤΑΛΟΓΟΓΡΑΦΗΣΗΣ
Φορέας πρωτότυπης καταλογογράφησης MC Athens Campus Library
Γλώσσα καταλογογράφησης Ελληνικά, Μοντέρνα (1453-)
Modifying agency MC Athens Campus Library
Κανόνες περιγραφικής καταλογογράφησης AACR2
245 1# - ΤΙΤΛΟΣ ΚΑΙ ΔΗΛΩΣΗ ΥΠΕΥΘΥΝΟΤΗΤΑΣ
Τίτλος ABC του Πρώτου Χρόνου Ζωής / Έκτη Έκδοση
250 ## - EDITION STATEMENT
Edition statement
260 ## - PUBLICATION, DISTRIBUTION, ETC.
Name of publisher, distributor, etc. Εκδόσεις Παρισιάνου,
Date of publication, distribution, etc. 2009
300 ## - PHYSICAL DESCRIPTION
Extent 144
520 ## - SUMMARY, ETC.
Summary, etc. Το παρόν βιβλίο αποτελεί έναν σαφή οδηγό όσον αφορά στη φυσιολογική ανάπτυξη καθώς και στη διάγνωση και αντιμετώπιση των ασθενειών σε νεογνά και βρέφη. Πρόλογος, Προγεννητικός Έλεγχος, Ανάνηψη του Νεογνού, Νεογνά με Χαμηλό Βάρος Γέννησης, Αναπνευστικές Δυσκολίες στο Νεογνό, Τραύματα κατά τη Γέννηση, Μερικές Συγγενείς Ανωμαλίες, Εξέταση Ρουτίνας στο Νεογνό, Εξαρθρωμένο και Εξαρθρώσιμο Ισχίο στο Νεογνό, Λοίμωξη στο Νεογνό, Ο Ίκτερος στο Νεογνό, Οι Σπασμοί στο Νεογνό, Έμετοι, Διάρροιες, Ο Δεσμός Μητέρας - Βρέφους, Ανάπτυξη και Πίνακες Ανάπτυξης, Διατροφή και Προβλήματα Διατροφής, Διαταραχή στην Ανάπτυξη, Απογαλακτισμός, Εξέταση στις Έξι Εβδομάδες, Εξέταση στους Οκτώ Μήνες, Αναπνευστικές Λοιμώξεις στο Μεγαλύτερο Βρέφος, Πυρετός στο Μεγαλύτερο Βρέφος, Σπασμοί στο Μεγαλύτερο Βρέφος, Βρέφη που Κλαίνε και Προβλήματα στον Ύπνο, Μη Τυχαίος Τραυματισμός, Επιλεγμένα Φάρμακα, Ευρετήριο.
700 1# - ΠΡΟΣΘΕΤΗ ΑΝΑΓΡΑΦΗ--ΦΥΣΙΚΟ ΠΡΟΣΩΠΟ
Personal name Thomas Roslyn
9 (RLIN) 7294
700 1# - ΠΡΟΣΘΕΤΗ ΑΝΑΓΡΑΦΗ--ΦΥΣΙΚΟ ΠΡΟΣΩΠΟ
Personal name Valman H.B
9 (RLIN) 6874
700 1# - ΠΡΟΣΘΕΤΗ ΑΝΑΓΡΑΦΗ--ΦΥΣΙΚΟ ΠΡΟΣΩΠΟ
Personal name Χρούσος Γεώργιος
9 (RLIN) 6873
942 ## - ADDED ENTRY ELEMENTS (KOHA)
Koha item type Books
Holdings
Τύπος τεκμηρίου Βιβλιοθήκη Τρέχουσα τοποθεσία Barcode Αριθμός εισαγωγής Ημερομηνία απόκτησης Ταξιθετικό σύμβολο Αριθμός αντιτύπου Κατάσταση απόσυρσης Κατάσταση χαμένου Κατάσταση κατεστραμμένου Μη δανεισμός Σύνολο δανεισμών Ημερομηνία τελευταίας εμφάνισης Η τιμή ισχύει από
Books MC Athens Campus Library MC Athens Campus Library 9780000063243 5287 05/06/2025 618.92 VAL 1           05/06/2025 05/06/2025

MC Athens Campus Library
Πατησίων 94 & Κοδριγκτώνος 13, 104 34
Πελλήνης 8 & Πατησίων 107, 112 51
Τ: +30 210 8899600

MC Thessaloniki Campus Library
Ίωνος Δραγούμη 21, 54625 | Ίωνος Δραγούμη 15, 54625
Τ: +30 2310 287779 – Τ: +30 2314 440300